[Event "Scaccomatto"]
[Site "Torino ITA"]
[Date "2000.11.23"]
[Round "6"]
[White "Saccona,S"]
[Black "Quinn,M"]
[Result "0-1"]
[WhiteElo "2113"]
[BlackElo "2381"]

1.e4 c5 2.Nf3 Nc6 3.Bb5 Na5 4.Be2 e6 5.d4 cxd4 6.Qxd4 Qc7 7.c3 Nf6 8.Be3 Ng4
9.O-O Nc6 10.Qd2 Bd6 11.h3 Nxe3 12.Qxe3 O-O 13.Bd3 f6 14.a4 a6 15.Na3 Ne5
16.Rfd1 Bc5 17.Qe2 Nxd3 18.Rxd3 b6 19.Nc2 Bb7 20.Ncd4 Qf4 21.Nd2 Rae8 22.b4 Be7
23.Rf3 Qc7 24.Rg3 Bd6 25.Rd3 Bf4 26.N2f3 f5 27.exf5 e5  0-1

[Event "Tenkes Kupa"]
[Site "Harkany HUN"]
[Date "2000.11.24"]
[Round "9"]
[White "Feher,G"]
[Black "Tatar Kis,S"]
[Result "1/2-1/2"]
[WhiteElo "2400"]
[BlackElo "2376"]

1.e4 c5 2.Nf3 Nc6 3.Bb5 d6 4.O-O Bd7 5.Re1 Nf6 6.c3 a6 7.Bf1 Bg4 8.d3 h6
9.Nbd2 e6 10.h3 Bh5 11.g4 Bg6 12.Nh2  1/2-1/2

[Event "VI Open"]
[Site "Lisbon POR"]
[Date "2000.11.24"]
[Round "7"]
[White "Pina,S"]
[Black "Frois,A"]
[Result "0-1"]
[WhiteElo "2312"]
[BlackElo "2346"]

1.e4 c5 2.Nf3 Nc6 3.Bb5 g6 4.Bxc6 dxc6 5.d3 Bg4 6.h3 Bxf3 7.Qxf3 Bg7 8.Nc3 Nf6
9.O-O O-O 10.Be3 Nd7 11.Qg3 Qb6 12.Nd1 e5 13.Kh1 Rae8 14.f4 exf4 15.Bxf4 c4
16.Ne3 cxd3 17.cxd3 Ne5 18.Rad1 Qd4 19.Rd2 Re6 20.Nf5 gxf5 21.exf5 Rd6 22.Be3 Qd5
23.f6 Ng6 24.fxg7 Kxg7 25.Rdf2 f6 26.Bxa7 Rd7 27.d4 Qxa2 28.Bc5 Rff7 29.b3 Qa5
30.Rf5 Qc7 31.Qf2 Qd8 32.h4 Rd5 33.h5 Rxf5 34.Qxf5 Ne7 35.Qg4+ Kh8 36.Re1 Rg7
37.Qf3 Nd5 38.Re6 Qd7 39.Qe4 Qf7 40.g4 Rg8 41.Bd6 Ra8  0-1

[Event "Norkom European Masters"]
[Site "Kilkenny IRL"]
[Date "2000.11.25"]
[Round "4"]
[White "Belkhodja,S"]
[Black "Shaw,J"]
[Result "1-0"]
[WhiteElo "2440"]
[BlackElo "2435"]

1.e4 c5 2.Nf3 Nc6 3.Bb5 g6 4.O-O Bg7 5.Re1 Nf6 6.Na3 O-O 7.Bxc6 bxc6 8.e5 Nd5
9.d3 f6 10.exf6 Bxf6 11.Nc4 Nb6 12.Bh6 Nxc4 13.dxc4 Bxb2 14.Bxf8 Qxf8 15.Rb1 Bf6
16.Ne5 Qe8 17.Qf3 Ba6 18.Qa3 Bxe5 19.Rxe5 Bxc4 20.Qxc5 Bxa2 21.Rxe7 Bxb1
22.Rxe8+ Rxe8 23.h4 Ba2 24.Qxa7 Re1+ 25.Kh2 Be6 26.Qb8+ Kg7 27.Qb2+ Kg8 28.Qf6 Re2
29.c3 Ra2 30.f3 Ra8 31.Qe5 Rf8 32.Qe3 Bd5 33.h5 gxh5 34.Qg5+ Kh8 35.Qxh5 Rf7
36.Qg5 Be6 37.Kg1 Rf5 38.Qe7 Rf7 39.Qd8+ Kg7 40.Kf2 Bd5 41.Ke3 Be6 42.Qg5+ Kf8
43.g4 Rg7 44.Qd8+ Kf7 45.Qh8 Kg6 46.Kf4 Bg8 47.Ke5 Re7+ 48.Kd6 Rg7 49.f4 Bd5
50.Qe8+ Rf7 51.c4 Bf3 52.Qg8+ Rg7 53.f5+ Kf6 54.Qf8+  1-0

[Event "Mitropa Team Cup"]
[Site "Charleville FRA"]
[Date "2000.11.27"]
[Round "3"]
[White "Grund,H"]
[Black "Jelen,Ig"]
[Result "1-0"]
[WhiteElo "2475"]
[BlackElo "2423"]

1.e4 c5 2.Nf3 Nc6 3.Bb5 g6 4.Bxc6 dxc6 5.d3 Bg7 6.h3 Nf6 7.Nc3 Nd7 8.Be3 e5
9.Qd2 h6 10.h4 Qe7 11.h5 g5 12.Ne2 Nf8 13.Ng3 Bg4 14.Qc3 Nd7 15.Nd2 O-O 16.a4 a5
17.Qa3 b6 18.f3 Be6 19.Nf5 Bxf5 20.exf5 Nf6 21.Ne4 Qd7 22.g4 Nxe4 23.fxe4 Bf6
24.Ke2 Rfd8 25.Rad1 Qa7 26.Rd2 Rd7 27.Rhd1 Rad8 28.Qc3 Qa6 29.Kf3 Rd6 30.Bf2 Kg7
31.b3 Kg8 32.Qc4 Qxc4 33.bxc4 R8d7 34.Bg3 Kf8 35.Rb1 Rb7 36.Bf2 Be7 37.Bxc5 Rdd7
38.Bxb6 Bb4 39.Rxb4 axb4 40.c5 Rb8 41.f6 Ra8 42.a5 Ke8 43.Ke3 Rd4 44.Rf2 Kd7
45.Rf5 Re8 46.a6 Kc8 47.Rf1 Kb8 48.Ra1 Rd7 49.Kd2 Re6 50.Rf1 Re8 51.Rf3 Rd4
52.Kc1 Re6 53.Kb2 Re8 54.Kb3 Rc8 55.Rf1 Re8 56.Rf5 Kc8 57.Ba5 Kb8 58.Bb6 Kc8
59.Ba5 Kb8 60.Bxb4 Ka7 61.Ba5 Kxa6 62.Bc7 Kb5 63.Bxe5 Rb4+ 64.Kc3 Ra8 65.Rf1 Ra3+
66.Kd2 Kxc5 67.Rf5  1-0

[Event "FIDE WCh Women KO"]
[Site "New Delhi IND"]
[Date "2000.12.01"]
[Round "2.2"]
[White "Arribas,M"]
[Black "Demina,J"]
[Result "1/2-1/2"]
[WhiteElo "2300"]
[BlackElo "2368"]

1.e4 c5 2.Nf3 Nc6 3.Bb5 e6 4.O-O Nge7 5.Re1 a6 6.Bxc6 Nxc6 7.d4 cxd4 8.Nxd4 d6
9.Nxc6 bxc6 10.Qg4 f6 11.c4 Qb6 12.Nc3 e5 13.Qg3 Be6 14.b3 Kf7 15.Be3 Qb4
16.Bd2 Be7 17.Qd3 Qb7 18.Rad1 g5 19.Na4 Rad8 20.Ba5 Rdg8 21.Qe3 h5 22.Rd3 h4
23.Red1 h3 24.g3 g4 25.Qb6 Qxb6 26.Bxb6 f5 27.Bc7 fxe4 28.Re3 d5 29.Bxe5 Rh5
30.cxd5 cxd5 31.Bd4 Rc8 32.Rc3 Rxc3 33.Nxc3 Rf5 34.Be3 Ba3 35.Ne2 Bd7 36.Nd4 Rh5
37.Kf1 Bb2 38.Rb1 Bxd4 39.Bxd4 Bb5+ 40.Ke1 Ke6 41.Rc1  1/2-1/2

[Event "Mitropa Team Cup"]
[Site "Charleville FRA"]
[Date "2000.12.02"]
[Round "8"]
[White "Grund,H"]
[Black "Vavra,P1"]
[Result "0-1"]
[WhiteElo "2475"]
[BlackElo "2393"]

1.e4 c5 2.Nf3 Nc6 3.Bb5 g6 4.O-O Bg7 5.Re1 e5 6.b4 cxb4 7.a3 Nge7 8.axb4 O-O
9.d3 d5 10.Bxc6 bxc6 11.Nbd2 f6 12.Bb2 g5 13.Ra5 Ng6 14.Nb3 g4 15.Nfd2 f5
16.Qe2 Bf6 17.g3 h5 18.c4 dxe4 19.dxe4 f4 20.Bc3 h4 21.Nf1 Qc7 22.Rd1 a6
23.Nc5 Ra7 24.Qa2 Qf7 25.b5 Bd8 26.Rxd8 Rxd8 27.b6 Re7 28.Nxa6 fxg3 29.hxg3 hxg3
30.fxg3 Qf3 31.Ra3 Rf7 32.Qg2 Rd1  0-1

[Event "FIDE WCh Women KO"]
[Site "New Delhi IND"]
[Date "2000.12.02"]
[Round "2.7"]
[White "Arribas,M"]
[Black "Demina,J"]
[Result "0-1"]
[WhiteElo "2300"]
[BlackElo "2368"]

1.e4 c5 2.Nf3 Nc6 3.Bb5 e6 4.Bxc6 bxc6 5.O-O Ne7 6.b3 Ng6 7.Bb2 f6 8.c4 Be7
9.e5 O-O 10.exf6 Bxf6 11.Bxf6 Qxf6 12.Nc3 e5 13.d3 d6 14.Ne4 Qe7 15.Nfd2 Nf4
16.Qc2 Rf5 17.Rae1 Rh5 18.Ng3 Rh6 19.d4 cxd4 20.Qe4 Qd7 21.Nf3 d3 22.c5 Ba6
23.Nf5 Rg6 24.N3h4 Rg4 25.Qf3 Rg5 26.cxd6 d2 27.Rd1 Bxf1 28.Kxf1 Rxf5 29.Nxf5 Qxf5
30.Rxd2 Rd8 31.g3 Qh3+ 32.Kg1 Ng6 33.Qxc6 Qd7 34.Qd5+ Kh8 35.Rc2 h6 36.Rd2 Kh7
37.h4 h5 38.b4 Qg4 39.Kh2 Qxb4 40.d7 Qe7 41.f4 Nf8 42.fxe5 Rxd7 43.Qe4+ g6
44.Rf2 Qe8 45.Qf4 Ne6 46.Qe4 Re7 47.Rf6 Nf8 48.Ra6 Nd7 49.Rxa7 Qf7 50.Qf4 Qe6
51.Qg5 Kg7 52.a4 Rf7 53.Qe3 Nxe5 54.Rxf7+ Kxf7 55.Qa7+ Qd7 56.Qf2+ Ke6 57.Qc2 Qd2+
58.Qxd2 Nf3+ 59.Kh3 Nxd2 60.g4 Nc4 61.gxh5 gxh5 62.Kg3 Kf5 63.Kf3 Na5 64.Kg3 Ke4
65.Kg2 Kf4 66.Kh3 Kf3 67.Kh2 Kg4 68.Kg2 Kxh4 69.Kh2 Kg4 70.Kg2 h4 71.Kh2 h3
72.Kg1 Kg3 73.Kh1 Nc4 74.Kg1 Ne5 75.a5 Ng4  0-1

[Event "FIDE WCh Women KO"]
[Site "New Delhi IND"]
[Date "2000.12.02"]
[Round "2.6"]
[White "Arribas,M"]
[Black "Demina,J"]
[Result "1-0"]
[WhiteElo "2300"]
[BlackElo "2368"]

1.e4 c5 2.Nf3 Nc6 3.Bb5 e6 4.O-O Nge7 5.Re1 a6 6.Bf1 d5 7.e5 Ng6 8.c3 d4
9.cxd4 Nxd4 10.b3 Nxf3+ 11.Qxf3 Be7 12.Bb2 O-O 13.d3 Qd5 14.Qe3 Rd8 15.Nd2 b6
16.Nc4 Rb8 17.Qg3 b5 18.Ne3 Qc6 19.Rac1 Qb6 20.Ng4 a5 21.h3 a4 22.Nh2 axb3
23.axb3 Ra8 24.Nf3 Ra2 25.Rb1 Qa5 26.Red1 Bb7 27.d4 cxd4 28.Nxd4 Be4 29.Ra1 b4
30.Bd3 Bxd3 31.Nc6 Rxa1 32.Bxa1 Qa8 33.Nxd8 Bxd8 34.Qxd3 Be7 35.Qc4 h6 36.Bb2 Nh4
37.f3 Qa2 38.Qc2 Nf5 39.Ra1  1-0

[Event "FIDE WCh Women KO"]
[Site "New Delhi IND"]
[Date "2000.12.02"]
[Round "2.3"]
[White "Arribas,M"]
[Black "Demina,J"]
[Result "1-0"]
[WhiteElo "2300"]
[BlackElo "2368"]

1.e4 c5 2.Nf3 Nc6 3.Bb5 d6 4.O-O Bd7 5.Re1 Nf6 6.c3 a6 7.Bf1 Bg4 8.d4 Bxf3
9.gxf3 cxd4 10.cxd4 e5 11.d5 Ne7 12.f4 g6 13.fxe5 dxe5 14.Nd2 Bg7 15.Nc4 Nh5
16.Bg5 f6 17.Be3 O-O 18.Bb6 Qd7 19.Bc5 Rad8 20.Nb6 Qc7 21.Rc1 Rf7 22.d6 Qc6
23.Bc4 Nf4 24.Qb3  1-0

[Event "Belgian Interteams 2000-1"]
[Site "BEL"]
[Date "2000.12.03"]
[Round "4"]
[White "Vedder,R"]
[Black "Begnis,N"]
[Result "1/2-1/2"]
[WhiteElo "2218"]
[BlackElo "2261"]

1.e4 c5 2.Nf3 Nc6 3.Bb5 e6 4.Bxc6 bxc6 5.e5 Ne7 6.d3 Ng6 7.O-O Be7 8.Nc3 O-O
9.Re1 f6 10.exf6 gxf6 11.Ne4 d5 12.Ng3 e5 13.Bh6 Rf7 14.h3 Bd6 15.Qd2 Qc7
16.Nh5 Bd7 17.c4 Kh8 18.Kf1 Rg8 19.Ke2 e4 20.dxe4 dxe4 21.Ng1 Ne5 22.Kf1 f5
23.Bg5 Rg6 24.Bf4 Nd3 25.Qc3+ Kg8 26.Bxd6 Qxd6 27.Re3 Qd4 28.Ne2 Qxc3 29.bxc3 Be6
30.Nhf4 Nxf4 31.Nxf4 Bxc4+ 32.Ke1 Rd6 33.Rg3+ Kf8 34.Rb1 Rfd7 35.Rg5 Rf6
36.Rb8+ Ke7 37.Rg7+ Rf7 38.Rxf7+ Bxf7 39.a3 Bc4 40.g3 Kf7  1/2-1/2

[Event "Open"]
[Site "Padova ITA"]
[Date "2000.12.05"]
[Round "4"]
[White "Alberton,R"]
[Black "Gorecki,Z"]
[Result "1-0"]
[WhiteElo "2147"]
[BlackElo "2005"]

1.e4 c5 2.Nf3 Nc6 3.Bb5 e6 4.O-O Nge7 5.Re1 a6 6.Bf1 Ng6 7.c3 d5 8.exd5 Qxd5
9.d4 cxd4 10.cxd4 Bb4 11.Nc3 Bxc3 12.bxc3 O-O 13.c4 Qd6 14.Qd2 Rd8 15.Bb2 b6
16.a3 Bb7 17.Qc3 f6 18.c5 bxc5 19.dxc5 Qe7 20.Bc4 Nge5 21.Be2 Rac8 22.Rad1 Rxd1
23.Rxd1 Nf7 24.a4 Qc7 25.Ba3 Ne7 26.Nd4 e5 27.Nf3 Kh8 28.Qb3 Nd8 29.Qb6 Ndc6
30.Rb1 Na5 31.Bxa6 Qxb6 32.Rxb6 Bxa6 33.Rxa6 Nb3 34.Re6 Nf5 35.g4 Nfd4 36.Nxd4 Nxd4
37.Rb6 Kg8 38.a5 Nc2 39.a6 Nxa3 40.a7 Rxc5  1-0

[Event "Open"]
[Site "Milan ITA"]
[Date "2000.12.06"]
[Round "5"]
[White "Lanzani,M"]
[Black "Drazic,S"]
[Result "1/2-1/2"]
[WhiteElo "2419"]
[BlackElo "2508"]

1.e4 c5 2.Nf3 Nc6 3.Bb5 e6 4.O-O Nge7 5.Re1 a6 6.Bf1 d5 7.exd5 Nxd5 8.d4 Be7
9.c4 Nf6 10.dxc5 Qxd1 11.Rxd1 Bxc5 12.Nc3 O-O  1/2-1/2

[Event "1st It"]
[Site "Odivelas POR"]
[Date "2000.12.07"]
[Round "10"]
[White "Kogan,A"]
[Black "Strikovic,A"]
[Result "1-0"]
[WhiteElo "2504"]
[BlackElo "2490"]

1.e4 c5 2.Nf3 Nc6 3.Bb5 g6 4.O-O Bg7 5.Re1 e5 6.a3 Nge7 7.b4 d6 8.d3 O-O
9.Nbd2 Nd4 10.Nxd4 cxd4 11.Bb2 d5 12.Rc1 Qb6 13.Ba4 a5 14.exd5 Nxd5 15.Nc4 Qc7
16.bxa5 Be6 17.Bb3 Nf4 18.c3 Qd8 19.cxd4 Qg5 20.g3 Nh3+ 21.Kf1 exd4 22.Nd2 Qf5
23.Ne4 Bxb3 24.Qxb3 Rxa5 25.Kg2 Rb5 26.Qc2 Qg4 27.Rb1 Rh5 28.Bc1 Qd7 29.Qb3 b5
30.Bd2 Kh8 31.Bb4 Nf4+ 32.gxf4 Qh3+ 33.Kg1 Re8 34.Qxf7 Rc8 35.Rbc1 Rg8 36.Ng5 Qxh2+
37.Kf1 Rf8 38.Re8  1-0

[Event "FSIMB December"]
[Site "Budapest HUN"]
[Date "2000.12.08"]
[Round "6"]
[White "Koskinen,Hen"]
[Black "Pap,M"]
[Result "1-0"]
[WhiteElo "2310"]
[BlackElo "2366"]

1.e4 c5 2.Nf3 Nc6 3.Bb5 g6 4.O-O Bg7 5.Re1 e5 6.c3 Nge7 7.a4 O-O 8.Na3 a6
9.Bf1 d5 10.exd5 Nxd5 11.Nc4 Re8 12.d3 h6 13.a5 Bf5 14.Nfd2 Qe7 15.Nb3 Rad8
16.Qe2 Bf8 17.Qf3 Qd7 18.h3 g5 19.Ne3 Bg6 20.Nxd5 Qxd5 21.Qxd5 Rxd5 22.Be3 Bxd3
23.Bxd3 Rxd3 24.Bxc5 Rd5 25.Bxf8 Kxf8 26.c4 Rd7 27.Red1 Red8 28.Rxd7 Rxd7
29.Kf1 Nb4 30.Nc5 Rc7 31.Ra4 Nc2 32.Nb3 Ke7 33.Ke2 Rd7 34.c5 Ke6 35.c6 bxc6
36.Nc5+ Kd6 37.Nxd7 Kxd7 38.Kd2 Nd4 39.Kd3 Kd6 40.Kc4 f5 41.Ra1 c5 42.Rd1 Kc6
43.h4 g4 44.h5 f4 45.g3 f3 46.Re1 Ne2 47.Kd3 Kd5 48.Ke3 Nd4 49.Rd1 Ke6 50.Ke4 Nf5
51.Rd8 Nd6+ 52.Kd3 c4+ 53.Kd2 Kd5 54.Rg8 c3+ 55.bxc3 Nc4+ 56.Ke1 e4 57.Rxg4 Nxa5
58.Rg6 Nc4 59.Rxa6 Ne5 60.Rxh6 Nd3+ 61.Kf1  1-0

[Event "TCh-YUG Women"]
[Site "Kragujevac YUG"]
[Date "2000.12.14"]
[Round "4"]
[White "Savic,Ma"]
[Black "Manakova,M"]
[Result "0-1"]
[WhiteElo "2039"]
[BlackElo "2369"]

1.e4 c5 2.Nf3 Nc6 3.Bb5 g6 4.Bxc6 dxc6 5.d3 Bg7 6.O-O e5 7.Be3 b6 8.Nbd2 f6
9.a4 a5 10.Nb3 Nh6 11.h3 Nf7 12.c3 Ba6 13.Nc1 O-O 14.Qc2 Ra7 15.b4 f5 16.bxc5 fxe4
17.cxb6 exd3 18.Qb3 Rb7 19.Nd2 Kh8 20.Rd1 Nd6 21.f3 Re8 22.Rb1 e4 23.Nxe4 Nxe4
24.fxe4 Rxe4 25.Bf2 d2 26.Qc2 dxc1=Q 27.Rbxc1 Qe8 28.Rd8 Qxd8 29.Qxe4 Rf7
30.Bc5 Qg5 31.Be3 Qe5 32.Qxe5 Bxe5 33.c4 Bb2 34.Rc2 Be5 35.Rc1 Kg7 36.c5 Kf6
37.Rd1 Ke6 38.Bf2 Rd7 39.Re1 Rd5 40.Bg3 Rxc5  0-1

[Event "67th ch-BRA"]
[Site "Teresina BRA"]
[Date "2000.12.14"]
[Round "8"]
[White "Dumont,S"]
[Black "Matsuura,E"]
[Result "0-1"]
[WhiteElo "2324"]
[BlackElo "2443"]

1.e4 c5 2.Nf3 Nc6 3.Bb5 d6 4.O-O Bd7 5.Re1 a6 6.Bxc6 Bxc6 7.c3 Nf6 8.d4 Bxe4
9.Bg5 Bc6 10.Bxf6 gxf6 11.d5 Bd7 12.Nh4 h5 13.Qf3 Qb6 14.Nd2 O-O-O 15.Nc4 Qc7
16.a4 Kb8 17.a5 Bg4 18.Qd3 Rg8 19.h3 Bc8 20.b4 e6 21.Nb6 exd5 22.Nxd5 Qc6
23.Rad1 Be6 24.Kh1 Rg5 25.c4 Re5 26.Qf3 Rxe1+ 27.Rxe1 cxb4 28.Qxf6 Re8 29.Nf5 Bxf5
30.Rxe8+ Qxe8 31.Qxf5 Qe1+ 32.Kh2 Qe5+  0-1

[Event "TCh-YUG Women"]
[Site "Kragujevac YUG"]
[Date "2000.12.15"]
[Round "5"]
[White "Skripchenko,A"]
[Black "Stankovic,Ma"]
[Result "1-0"]
[WhiteElo "2450"]
[BlackElo "2239"]

1.e4 c5 2.Nf3 Nc6 3.Bb5 g6 4.Bxc6 dxc6 5.d3 Bg7 6.h3 Nf6 7.Nc3 O-O 8.Be3 Nd7
9.Qd2 e5 10.O-O Qe7 11.Rae1 Rd8 12.b3 Nf8 13.Nh2 Ne6 14.Ng4 Nf4 15.f3 h5
16.Nh2 Be6 17.Ne2 g5 18.Ng3 Kh7 19.Nf5 Bxf5 20.exf5 Qd7 21.Bxc5 Qxf5 22.Be3 Rd7
23.Kh1 Qg6 24.g3 Ne6 25.f4 gxf4 26.gxf4 exf4 27.Bxf4 Rg8 28.Re2 Qf5 29.Qe3 Nxf4
30.Qxf4 Qxf4 31.Rxf4 Bh6 32.Rf3 Rg6 33.Nf1 h4 34.Re4 Bg5 35.Ne3 Re6 36.Rxe6 fxe6
37.Ng4 Kg7 38.Kg2 Rf7 39.Rxf7+ Kxf7 40.Kf3 Ke7 41.Nf2 Kf7 42.Ne4 Be7 43.Kg4 e5
44.Kf5 Ke8 45.Ke6 Kd8 46.Nd6 b6 47.Nf7+  1-0

[Event "XIII Carlos Torre Open"]
[Site "Merida MEX"]
[Date "2000.12.15"]
[Round "1"]
[White "Garcia Martinez,S"]
[Black "Hernandez,Ya"]
[Result "1/2-1/2"]
[WhiteElo "2442"]
[BlackElo "2207"]

1.e4 c5 2.Nf3 Nc6 3.Bb5 g6 4.O-O Bg7 5.Re1 Nf6 6.c3 O-O 7.h3 a6 8.Bxc6 bxc6
9.d4 cxd4 10.cxd4 d5 11.e5 Ne4 12.Nc3 Bf5 13.Be3 Nxc3 14.bxc3 Qa5 15.Qd2 Rab8
16.Bh6 Qa3 17.Bxg7 Kxg7 18.g4  1/2-1/2

[Event "2nd Open"]
[Site "Salou ESP"]
[Date "2000.12.15"]
[Round "4"]
[White "Kogan,A"]
[Black "Ivanisevic,I"]
[Result "1-0"]
[WhiteElo "2504"]
[BlackElo "2530"]

1.e4 c5 2.Nf3 Nc6 3.Bb5 e6 4.O-O Nge7 5.Re1 a6 6.Bxc6 Nxc6 7.d4 cxd4 8.Nxd4 Qc7
9.Nxc6 bxc6 10.Re3 Bd6 11.Qh5 Bf4 12.Rf3 Qe5 13.Qxe5 Bxe5 14.Nc3 Rb8 15.b3 Rb4
16.Bb2 f6 17.Re1 d6 18.Ba3 Rb7 19.Rd3 Ke7 20.h4 g5 21.hxg5 fxg5 22.Nd1 Rd8
23.Ne3 Rbd7 24.Nc4 Kf6 25.Bxd6 Rxd6 26.Rf3+ Kg7 27.Nxe5 Rf8 28.Rd3 Rfd8 29.Red1 Rxd3
30.Rxd3 Rxd3 31.cxd3 c5 32.Kf1 h5 33.Ke2 Kf6 34.Nc4 Bd7 35.Ke3 e5 36.Kd2 Be6
37.Nd6 h4 38.f3 g4 39.fxg4 Bxg4 40.Ke3 Bd7 41.Nb7 Bc6 42.Nxc5 a5 43.Na4  1-0

[Event "Belgian Interteams 2000-1"]
[Site "BEL"]
[Date "2000.12.17"]
[Round "5"]
[White "Van Mil,J"]
[Black "Weemaes,R"]
[Result "1-0"]
[WhiteElo "2422"]
[BlackElo "2295"]

1.e4 c5 2.Nf3 Nc6 3.Bb5 Nf6 4.Qe2 g6 5.c3 Qc7 6.O-O a6 7.Bxc6 Qxc6 8.e5 Nh5
9.d4 d5 10.h3 c4 11.g4 Ng7 12.Na3 h5 13.Ng5 Ne6 14.Nc2 Nxg5 15.Bxg5 hxg4
16.hxg4 Be6 17.Kg2 Bg7 18.Rh1 Kd7 19.Bf4 Rad8 20.Ne3 Kc8 21.Bg3 Qd7 22.b3 Rxh1
23.Rxh1 Rh8 24.Rxh8+ Bxh8 25.bxc4 dxc4 26.Qf3 f5 27.d5 Bg8 28.gxf5 gxf5 29.e6 Bxe6
30.dxe6 Qxe6 31.Nxf5  1-0

[Event "Czech Extra League 2000-1"]
[Site "CZE"]
[Date "2000.12.17"]
[Round "3"]
[White "Jurek,J"]
[Black "Stryjecki,M"]
[Result "1-0"]
[WhiteElo "2329"]
[BlackElo "2405"]

1.e4 c5 2.Nf3 Nc6 3.Bb5 Qb6 4.Nc3 e6 5.O-O Nge7 6.Re1 Nd4 7.Bf1 d6 8.b3 Bd7
9.Bb2 Nec6 10.Nxd4 cxd4 11.Ne2 Be7 12.c3 Bf6 13.Nf4 g5 14.Nh5 Be5 15.Rc1 dxc3
16.Bxc3 Nd4 17.b4 O-O 18.h4 f6 19.a4 Kh8 20.Re3 d5 21.hxg5 dxe4 22.gxf6 Qd6
23.Rxe4 Bc6 24.Rxe5 Rg8 25.Re3 Qd5 26.Rg3 e5 27.Bxd4  1-0

[Event "TCh-SVK"]
[Site "SVK"]
[Date "2000.12.17"]
[Round "6"]
[White "Lipka,J"]
[Black "Todor,R"]
[Result "1-0"]
[WhiteElo "2376"]
[BlackElo "2200"]

1.e4 c5 2.Nf3 Nc6 3.Bb5 g6 4.Bxc6 dxc6 5.d3 Bg7 6.h3 e5 7.Be3 Qe7 8.Qd2 f6
9.a4 a5 10.Na3 Be6 11.O-O b6 12.c3 Rd8 13.Qc2 g5 14.Nh2 Qf7 15.Qe2 Ne7 16.Nc4 Nc8
17.Rfb1 Bf8 18.b3 h5 19.Nf1 Rg8 20.Ng3 h4 21.Nf5 Qg6 22.Qg4 Kf7 23.Rd1 b5
24.Nxa5 Ne7 25.Nb7 Nxf5 26.Nxd8+  1-0

[Event "Open"]
[Site "Zadar CRO"]
[Date "2000.12.17"]
[Round "9"]
[White "Totsky,L"]
[Black "Delchev,A"]
[Result "1/2-1/2"]
[WhiteElo "2521"]
[BlackElo "2557"]

1.e4 c5 2.Nf3 Nc6 3.Bb5 d6 4.O-O Bd7 5.Re1 a6 6.Bxc6 Bxc6 7.d4 cxd4 8.Nxd4 Nf6
9.Nxc6 bxc6 10.c4 g6 11.b3 Bg7 12.Bb2 O-O 13.Qd2 Re8 14.Nc3 Qa5  1/2-1/2

[Event "2nd Viking GMB"]
[Site "York ENG"]
[Date "2000.12.18"]
[Round "6"]
[White "Gormally,D"]
[Black "Quinn,M"]
[Result "1-0"]
[WhiteElo "2499"]
[BlackElo "2381"]

1.e4 c5 2.Nf3 Nc6 3.Bb5 g6 4.Bxc6 dxc6 5.h3 Bg7 6.d3 Nf6 7.Nc3 Nd7 8.Be3 b6
9.Qd2 h6 10.O-O e5 11.a3 Ba6 12.b4 Qe7 13.Nh2 c4 14.d4 Rd8 15.Rad1 Nf6 16.Qc1 O-O
17.Rfe1 Kh7 18.Nf3 exd4 19.Bxd4 Bc8 20.e5 Nd5 21.Ne4 Be6 22.Nd6 c3 23.Ne4 Rd7
24.Bxc3 Nxc3 25.Nxc3 Rxd1 26.Nxd1 Bd5 27.Qf4 Re8 28.Ne3 Bxf3 29.Qxf3 Qe6
30.Kh1 h5 31.g4 hxg4 32.hxg4 Bxe5 33.g5 Bc3 34.Rd1 Bg7 35.Kg2 a5 36.Ng4 Qe4
37.Rd7 Qxf3+ 38.Kxf3 axb4 39.axb4 Kg8 40.c4 Re6 41.Rb7 f5 42.gxf6 Bxf6 43.Rxb6 Bd4
44.Rb7 Kf8 45.c5 Ke8 46.Ne3 Kd8 47.Nc4 Rf6+ 48.Ke4 Bxf2 49.Ke5 Rf5+ 50.Ke6 Bg3
51.Rb6 Bc7 52.Rxc6 Rf4 53.Kd5 Rf5+ 54.Kd4 Rf4+ 55.Kc3 Rf3+ 56.Kc2 g5 57.Rg6 Rf4
58.Kb3 g4 59.b5 Rf3+ 60.Kb4 g3 61.b6 Bf4 62.c6  1-0

[Event "2nd Viking IM"]
[Site "York ENG"]
[Date "2000.12.19"]
[Round "7"]
[White "Bergstrom,R"]
[Black "Aarthie,R"]
[Result "1-0"]
[WhiteElo "2308"]
[BlackElo "2319"]

1.e4 c5 2.Nf3 Nc6 3.Bb5 e6 4.Bxc6 bxc6 5.d3 Ne7 6.Qe2 f6 7.Nh4 g6 8.f4 Bg7
9.O-O O-O 10.Nf3 e5 11.fxe5 fxe5 12.Qf2 d6 13.Qh4 Rb8 14.Bg5 Rb7 15.Nbd2 Kh8
16.b3 Be6 17.Nc4 Rd7 18.Nxd6  1-0

[Event "TCh-YUG Women"]
[Site "Kragujevac YUG"]
[Date "2000.12.20"]
[Round "10"]
[White "Savic,Ma"]
[Black "Micic,S"]
[Result "1/2-1/2"]
[WhiteElo "2039"]
[BlackElo "2196"]

1.e4 c5 2.Nf3 Nc6 3.Bb5 g6 4.Bxc6 dxc6 5.d3 Bg7 6.Nc3 e5 7.Be3 b6 8.Qd2 h6
9.O-O-O Be6 10.h4 Qc7 11.h5 g5 12.Ne2 Ne7 13.Ng3 O-O-O 14.Qc3 Rd7 15.Nh2 Rhd8
16.f3 Kb8 17.Bf2 Qb7 18.Ng4 f6 19.Ne3 Bf8 20.b3 b5 21.Kb2 Nc8 22.Ng4 b4 23.Qe1 Rf7
24.Nf5 Bxf5 25.exf5 Nd6 26.Bxc5 Nxf5 27.Bxf8 Rfxf8 28.Ne3 Nxe3 29.Qxe3 Rd4
30.Rhe1 Qf7 31.g4 Qd5 32.Rd2 Qa5 33.Rde2 Qa3+ 34.Kb1 Rfd8 35.Qc1 Qxc1+  1/2-1/2

[Event "ch-ISR Women"]
[Site "Ramat-Aviv/Modiin ISR"]
[Date "2000.12.20"]
[Round "4"]
[White "Klinova,M"]
[Black "Len,I"]
[Result "0-1"]
[WhiteElo "2350"]
[BlackElo "2118"]

1.e4 c5 2.Nf3 Nc6 3.Bb5 e6 4.Bxc6 bxc6 5.O-O Ne7 6.d3 Ng6 7.Nc3 Be7 8.Re1 e5
9.Ne2 O-O 10.Ng3 d6 11.c3 Bg4 12.h3 Be6 13.d4 cxd4 14.cxd4 f6 15.b3 Qc8 16.Qc2 d5
17.Bd2 dxe4 18.Nxe4 exd4 19.Nxd4 Bd5 20.Nc3 Bc5 21.Be3 Bxg2 22.Kxg2 Bxd4
23.Bxd4 Nh4+ 24.Kg3 Nf5+ 25.Kg2 Nh4+ 26.Kg3 Nf5+ 27.Kg2 Nxd4 28.Qe4 c5 29.Nd5 f5
30.Qe5 Qc6 31.Kf1 Kh8 32.Rac1 Nf3 33.Qe6 Qb7 34.Re3 Nd4 35.Qe5 f4 36.Re4 Qa6+
37.Rc4 Qxa2 38.Nxf4 Nf3 39.Qh5 Qb1+ 40.Kg2 Rxf4 41.Re8+ Rf8  0-1

[Event "Tournament for the 21st Century"]
[Site "Subotica YUG"]
[Date "2000.12.22"]
[Round "5"]
[White "Sadvakasov,D"]
[Black "Perunovic,Mil"]
[Result "1/2-1/2"]
[WhiteElo "2509"]
[BlackElo "2426"]

1.e4 c5 2.Nf3 Nc6 3.Bb5 e6 4.O-O Nge7 5.Nc3 Nd4 6.Nxd4 cxd4 7.Ne2 a6 8.Ba4 Nc6
9.d3 b5 10.Bb3 Bc5 11.Ng3 h5 12.Bd2 Bb7 13.h3 g6 14.a3 f5 15.exf5 gxf5 16.Re1 Qf6
17.Nxh5 Qh4 18.Ng7+ Kf8 19.Nxf5 exf5 20.Qf3 Qf6 21.Bf4 Be7 22.Re2 Rh7 23.Qd5 Qg6
24.Qf3 Qh5 25.Qd5 Qg6 26.Qf3 Qh5 27.Qd5 Qg6 28.Qf3 Qh5  1/2-1/2

[Event "Tournament for the 21st Century"]
[Site "Subotica YUG"]
[Date "2000.12.23"]
[Round "6"]
[White "Shariyazdanov,A"]
[Black "Perunovic,Mil"]
[Result "1/2-1/2"]
[WhiteElo "2582"]
[BlackElo "2426"]

1.e4 c5 2.Nf3 Nc6 3.Bb5 e6 4.Bxc6 bxc6 5.d3 Ne7 6.Qe2 f6 7.Nh4 g6 8.f4 Bg7
9.O-O O-O 10.Nf3 e5 11.fxe5 fxe5 12.Be3 d6 13.Nbd2 h6 14.a3 Rb8 15.b3 Be6
16.Nc4 g5 17.b4  1/2-1/2

[Event "ch-ISR Women"]
[Site "Ramat-Aviv/Modiin ISR"]
[Date "2000.12.25"]
[Round "8"]
[White "Mamantov,M"]
[Black "Baron,I"]
[Result "1/2-1/2"]
[WhiteElo "2111"]
[BlackElo "2010"]

1.e4 c5 2.Nf3 Nc6 3.Bb5 e6 4.O-O Nge7 5.d4 cxd4 6.Nxd4 Nxd4 7.Qxd4 Nc6 8.Bxc6 bxc6
9.c4 d6 10.Nc3 e5 11.Qd3 Be7 12.b3 O-O 13.f4 exf4 14.Bxf4 Bf6 15.Rad1 Qa5
16.Na4 Bg4 17.Bxd6 Bxd1 18.Bxf8 Rxf8 19.Qxd1 Qg5 20.Qf3 Rd8 21.e5 Qxe5 22.Qxc6 Qe3+
23.Kh1 Qe2 24.Qf3 Qxf3 25.gxf3 Rd2 26.c5 Kf8 27.Rc1 Ke7 28.c6 Kd8 29.c7+ Kc8
30.Nc3 Bxc3 31.Rxc3 Rxa2 32.Re3 Rd2 33.Re8+ Kxc7 34.Rh8 Rd3 35.Rxh7 Rxb3
36.Kg2 Rb6 37.Kf2 Rg6 38.h4 Kd6 39.h5 Rg5 40.f4 Rg4 41.Kf3 Rg1 42.Kf2 Rg4
43.Kf3  1/2-1/2

[Event "1st Wilhelm Steinitz Mem"]
[Site "Prague CZE"]
[Date "2000.12.27"]
[Round "2"]
[White "Kotan,L"]
[Black "Lanka,Z"]
[Result "1/2-1/2"]
[WhiteElo "2434"]
[BlackElo "2504"]

1.e4 c5 2.Nf3 Nc6 3.Bb5 g6 4.O-O Bg7 5.c3 Nf6 6.Re1 O-O 7.d4 cxd4 8.cxd4 d5
9.e5 Ne4 10.Bxc6 bxc6 11.Nbd2 Bf5 12.Nh4 Be6 13.Nxe4 dxe4 14.Rxe4 c5 15.Nf3 Bd5
16.Rh4 e6 17.Rh3 Bxf3 18.Rxf3 cxd4 19.Bf4 Rb8 20.Rb3 Rb5 21.Rd3 Rd5 22.Rc1 f6
23.exf6 Qxf6 24.Bg3 h5 25.h4 Rf5 26.Qe2 e5 27.Rc2 Qf7 28.Qe4  1/2-1/2

[Event "Eastern Open"]
[Site "Washington DC USA"]
[Date "2000.12.27"]
[Round "2"]
[White "Hoekstra,M"]
[Black "Shibut,M"]
[Result "0-1"]
[WhiteElo "2162"]
[BlackElo "2270"]

1.e4 c5 2.Nf3 Nc6 3.Bb5 g6 4.O-O Bg7 5.c3 Nf6 6.Re1 O-O 7.d4 cxd4 8.cxd4 d5
9.e5 Ne4 10.Bxc6 bxc6 11.Nbd2 c5 12.Nxe4 dxe4 13.Rxe4 Bb7 14.Rh4 cxd4 15.Bh6 Bxh6
16.Rxh6 d3 17.Rh3 Bxf3 18.Qxf3 d2 19.Rd1 Qd4 20.Qe3 Qxe3 21.Rxe3 Rfd8 22.Kf1 Rd4
23.Ke2 Rad8 24.f3 R8d5 25.g3 g5 26.e6 f5 27.Ra3 a5 28.Rc3 Re5+ 29.Kf2 Rd6
30.f4 Red5 31.fxg5 Rxe6 32.Re3 Rb6 33.b3 Kf7 34.Ke2 Rbd6 35.h4 e6 36.Rc3 Kg6
37.Rc8 Rd3 38.Kf2 e5 39.Ra8 e4 40.Rxa5 Rf3+ 41.Ke2 Rxg3 42.b4 f4 43.b5 e3
44.Ra6 Rg2+ 45.Kf3 Rf2+ 46.Kg4 Rxa6 47.bxa6 e2 48.Rxd2 e1=Q 49.Rd6+ Kf7 50.a7 Rxa2  0-1

[Event "Open"]
[Site "Ano Liosia GRE"]
[Date "2000.12.29"]
[Round "3"]
[White "Zakarian,D"]
[Black "Gustafsson,J"]
[Result "0-1"]
[WhiteElo "2305"]
[BlackElo "2506"]

1.e4 c5 2.Nf3 Nc6 3.Bb5 g6 4.O-O Bg7 5.c3 Nf6 6.d4 cxd4 7.cxd4 Nxe4 8.d5 Nd6
9.Ba4 b5 10.Bc2 Nb4 11.Bb3 O-O 12.Nc3 a5 13.a3 Na6 14.Re1 Bb7 15.Qe2 Nc5
16.Bc2 b4 17.Na4 Nxa4 18.Bxa4 Bxd5 19.Ne5 Be6 20.Bd2 Bxe5 21.Qxe5 Nc4 22.Qd4 Qb6
23.Qxb6 Nxb6 24.Bb5 Rfb8 25.h3 bxa3 26.bxa3 Bc4 27.Bxc4 Nxc4 28.Bf4 Re8 29.Red1 d6
30.a4 Rec8 31.Rab1 Rab8 32.Rdc1 Rxb1 33.Rxb1 f6 34.Rb7 Kf7 35.h4 Rc6 36.Kf1 Rb6
37.Ra7 Rb4 38.g3 Rxa4  0-1